UK Town and City Trivia - Portsmouth - Statistics

General Stats
  • This quiz has been taken 110 times
  • The average score is 11 of 15
Answer Stats
Hint Answer % Correct
Ceremonial county in which Portsmouth is located Hampshire
100%
Writer born in the city, often regarded as the greatest novelist of the Victorian era Charles Dickens
85%
Home ground of Portsmouth F.C. Fratton Park
80%
Mode of transport used to travel between Clarence Pier and Ryde Hovercraft
80%
Town linked to Portsmouth by a frequent, very short ferry ride Gosport
79%
Tudor warship raised from the seabed and now preserved in the historic dockyard Mary Rose
79%
170m high observation tower and landmark overlooking the harbour Spinnaker Tower
79%
Designer shopping outlet near the entrance to Portsmouth harbour {Gunwharf} Quays
78%
Seaside resort of Portsmouth, having a large open area of common land Southsea
77%
Island on which the majority of the city is situated Portsea
75%
Nelson's flagship, now in dry dock in the Royal Naval dockyard HMS Victory
72%
Tidal strait separating Portsmouth from the Isle of Wight The Solent
65%
Island separated from Portsmouth by Langstone Harbour Hayling Island
61%
Short motorway spur that links the M27 with the heart of Portsmouth M275
40%
Large artwork on display in the 'D-Day Story' museum that depicts events of WW2 {Overlord} Embroidery
11%
No matching quizzes found
Score Distribution
Percent of People with Each Score
Percentile by Number Answered
Your Score History
You have not taken this quiz